Bilecik Bilecik Bilecik Bilecik Bilecik

Yöneticilerin yöneticilik mesleği hakkında düşündükleri/ (Record no. 9801)

MARC details
000 -BAŞLIK
Sabit Uzunluktaki Kontrol Alanı 01472nam a22004457a 4500
001 - KONTROL NUMARASI
Control Dosyası 0009829
003 - KONTROL NUMARASI KİMLİĞİ
Kontrol Alanı KOHA_MİRAKIL
005 - EN SON İŞLEM TARİHİ ve ZAMANI
Kontrol Alanı 20260207001723.0
007 - FİZİKSEL TANIM SABİT ALAN - GENEL BİLGİ
Sabit uzunluklu kontrol alanı ta
008 - SABİT UZUNLUKTAKİ VERİ ÖGELERİ - GENEL BİLGİ
Sabit Alan 091027b1986 tu |||gr||||#||||0|tur |
020 ## - ISBN - ULUSLARARASI STANDART KİTAP NUMARASI
Kullanılabilirlik koşulları 0,01
040 ## - KATALOGLAMA KAYNAĞI
Özgün Kataloglama Kurumu TR-BiSEU
Kataloglama Dili tur
Çeviri Kurumu TR-BiSEU
Açıklama Kuralları rda
041 0# - DİL KODU
Metin ya da ses kaydının dil kodu tur
044 ## - YAYINLAYAN/ÜRETEN KURULUŞUN ÜLKE KODU
ISO country code tu
050 ## - SINIFLAMA ve YER NUMARASI
Sınıflama Numarası HD38.25
Yer Numarası .P43 1986
100 1# - KİŞİ ADI
Yazar Adı (Kişi adı) Pearse, Robert F.
245 1# - ESER ADI BİLDİRİMİ
Başlık Yöneticilerin yöneticilik mesleği hakkında düşündükleri/
Sorumluluk Bildirimi Robert F Pearse ; Robert F. Pearse; çeviren Birol Tenekecioğlu.
264 #1 - ÜRERİM, YAYIN, DAĞITIM ve TELİF BİLDİRİMİ
Yayın yeri Eskişehir :
Yayınlayan Anadolu Üniversitesi
Yayın tarihi 1986
300 ## - FİZİKSEL TANIMLAMA
Sayfa, Cilt vb. VI, 98 sayfa: resimli; 24 cm.
336 ## - İÇERİK TÜRÜ
Content type term metin
Content type code txt
Source rdacontent
337 ## - MEDYA TÜRÜ
Media type term aracısız
Media type code n
Source rdamedia
338 ## - TAŞIYICI TÜRÜ
Carrier type term cilt
Carrier type code nc
Source rdacarrier
490 1# - DİZİ BİLDİRİMİ
Dizi Bildirimi T.C.
490 1# - DİZİ BİLDİRİMİ
Dizi Bildirimi Anadolu Üniversitesi yayınları ;
Cilt Numarası no.
490 1# - DİZİ BİLDİRİMİ
Dizi Bildirimi 165.
490 1# - DİZİ BİLDİRİMİ
Dizi Bildirimi İktisadi ve İdari Bilimler Fakültesi yayınları ;
Cilt Numarası no.
490 1# - DİZİ BİLDİRİMİ
Dizi Bildirimi 38.
500 ## - GENEL NOT
Genel Not Kaynakça var.
650 #0 - KONU BAŞLIĞI EK GİRİŞ - KONU TERİMİ
Konusal terim veya coğrafi ad Yöneticiler--ABD.
9 (RLIN) 24240
650 #0 - KONU BAŞLIĞI EK GİRİŞ - KONU TERİMİ
Konusal terim veya coğrafi ad İş tahmini--ABD.
9 (RLIN) 24241
650 #0 - KONU BAŞLIĞI EK GİRİŞ - KONU TERİMİ
Konusal terim veya coğrafi ad Executives--United States.
9 (RLIN) 24242
650 #0 - KONU BAŞLIĞI EK GİRİŞ - KONU TERİMİ
Konusal terim veya coğrafi ad Business forecast--USA.
9 (RLIN) 24243
650 #0 - KONU BAŞLIĞI EK GİRİŞ - KONU TERİMİ
Konusal terim veya coğrafi ad Management--Vocational guidance--United States.
9 (RLIN) 24244
830 1# - SERİ EK GİRİŞİ - TEKBİÇİM ESER ADI
Tekbiçim Başlık T.C.
9 (RLIN) 6297
830 1# - SERİ EK GİRİŞİ - TEKBİÇİM ESER ADI
Tekbiçim Başlık Anadolu Üniversitesi yayınları ;
Volume number/sequential designation no.
9 (RLIN) 7107
830 1# - SERİ EK GİRİŞİ - TEKBİÇİM ESER ADI
Tekbiçim Başlık 165.
9 (RLIN) 1788
830 1# - SERİ EK GİRİŞİ - TEKBİÇİM ESER ADI
Tekbiçim Başlık İktisadi ve İdari Bilimler Fakültesi yayınları ;
Volume number/sequential designation no.
9 (RLIN) 10641
830 1# - SERİ EK GİRİŞİ - TEKBİÇİM ESER ADI
Tekbiçim Başlık 38.
9 (RLIN) 2946
942 ## - EK GİRİŞ ÖGELERİ (KOHA)
Source of classification or shelving scheme Library of Congress Classification
Koha item type Book
Holdings
Materyal Türü Kalıcı Konum Mevcut Konum Raf Yeri Sınıflandırma Kaynağı Edinim Bilgisi Ana Konular Alt Konular Yer Numarası Demirbaş Numarası Fatura Tarihi Geri Çekilme Durumu Kayıp Durumu Hasarlı Durumu Kredi için değil Kayıt Tarih Toplam Ödünçverme Son Görülme Tarihi Son Kontrol Tarihi Genel / Bağış Notu
Book Prof. Dr. Azmi Özcan Kütüphanesi Prof. Dr. Azmi Özcan Kütüphanesi Uluğbey Salonu Library of Congress Classification Bağış SOSYAL BİLİMLER Endüstriler, Arazi Kullanımı, İşgücü HD38.25 .P43 1986 0009829 13/08/2010         27/10/2009   05/12/2024 05/12/2024 İİBF
Book Prof. Dr. Azmi Özcan Kütüphanesi Prof. Dr. Azmi Özcan Kütüphanesi Uluğbey Salonu Library of Congress Classification Bağış SOSYAL BİLİMLER Endüstriler, Arazi Kullanımı, İşgücü HD38.25 .P43 1986 0012768 02/02/2026         08/02/2010   05/12/2024 05/12/2024 Genel Bağış